000 01495nam0a2200313 4500
001 RU\NLR\bibl\1159447
005 20260405130113.0
010 _a978-5-89231-204-2
_9500
021 _aRU
_b2007-71938
_93867
035 _a(NLR Aleph) 001146201
090 _a1448790
_c1448790
100 _a20071123d2007 |||y0rusy50 ca
101 0 _arus
102 _aRU
105 _aa |||||||||
200 1 _aУчебное пособие по мелиоративному земледелию
_fА.М. Гасанов, Т.Н. Низам-заде
_gМ-во сел. хоз-ва Рос. Федерации, Федер. гос. образоват. учреждение высш. проф. образования Моск. гос. ун-т природообустройства
210 _aМосква
_cРедакционно-издательский отдел МГУП
_d2007
215 _a215 с.
_cил.
_d21
320 _aБиблиогр.: с. 213 (5 назв.)
606 1 _aМелиоративное земледелие
_jУчебные издания для высших учебных заведений
_92500733
_3RU\NLR\auth\661483217
686 _aП14я73
686 _aП06я73
700 1 _aГасанов
_bА. М.
_gАят Мухтарович
_4070
701 1 _4070
_8rus
_7ca
_aНизам-заде
_bТ. Н.
_gТимур Низамович
_3RU\NLR\auth\7751276
_934210
801 0 _aRU
_bNLR
_c20071123
_gRCR
801 1 _aRU
_bNLR
_c20071123
942 _cBOOK
980 _aNB